| 000 | 00760cam a2200253u 4500 | ||
|---|---|---|---|
| 001 | 8364 | ||
| 003 | BD-JhCC | ||
| 005 | 20231127133815.0 | ||
| 008 | 830617s1965 njuaf 000 0 eng | ||
| 035 | _a(BD-JhCC)8364 | ||
| 040 |
_aDLC _cCarP _dDLC _dBD-JhCC |
||
| 041 | _aeng | ||
| 050 | 0 | 0 |
_aM1627.L82 _bS6 |
| 082 | _bLUB 1965 | ||
| 100 | 1 |
_aLuboff, Norman, _d1917-1987, |
|
| 245 | 1 | 0 |
_aSongs of man: _bthe international book of folk songs / _cNorman Luboff. |
| 260 |
_aEnglewood Cliffs, N.J., _bPrentice-Hall _c[1965] |
||
| 300 |
_a368 p. _bcol. illus., plates. _c28 cm. |
||
| 650 | 0 | _aFolk songs. | |
| 700 | 1 |
_aStracke, Win, _d1908-1991, |
|
| 700 | 1 |
_aFreeman, Paul K., _d1929- [from old catalog] |
|
| 942 |
_2ddc _cBK |
||
| 999 |
_c8364 _d8364 |
||